000 00356nam a2200157Ia 4500
003 Ost
005 20260225132548.0
008 260225s9999||||xx |||||||||||||| ||und||
040 _cfsic
041 _afre
082 _a440
100 _aFreddy buache
_eAuteur
245 0 _aLe cinema Americain 1971--1983 /
245 0 _cFreddy buache
942 _cكتاب
999 _c33954
_d33954